Responses for Show #1206 - Monday, November 27, 1989

Lisa Guay game 5.

Contestants

[<< previous game]

Michael Reilly, a maitre d' from Fullerton, California

Steve Robinson, a salesperson and student from Santa Monica, California

Lisa Guay, a homemaker from Champlain, New York (whose 4-day cash winnings total $38,000)

[next game >>]

Jeopardy! Round responses

QUOTES
PEOPLE
ANIMALS
GEOGRAPHY
PLAYS
MOTTOS
    $100 8
Walt Disney

Steve
    $100 13
Evel Knievel

Steve
    $100 19
Shell

Michael
    $100 18
Vatican City

Lisa
    $100 1
"Waiting For"

Michael
    $100 6
divided we fall

Steve
    $200 9
Will Rogers, Jr.

Steve
    $200 14
Imelda Marcos

Steve
    $200 20
Mate

Michael
    $200 27
Africa

Steve
    $200 2
"Hedda Gabler"

Lisa
    $200 7
(M: What is "Ben Casey?")

"M*A*S*H"

LisaMichael
    $300 10
Vince Lombardi

Michael
    $300 15
Christina Onassis

Steve
    $300 21
England

Lisa
    $300 28
Hamburg

Triple Stumper
    $300 3
Chaillot

Steve
    $300 24
"Kills Bugs Dead"

Lisa
    $400 11
(M: Who was Jayne Mansfield?)

Marilyn Monroe

SteveMichael
    $400 16
Geraldo Rivera

Michael
    $400 22
(M: What is smell?)
(S: What is hearing?)

Sight

LisaSteveMichael
    $400 29
San Francisco Bay

Triple Stumper
    $400 4
"The Front Page"

Lisa
    $400 25
"Rolling Stone"

Michael
    $500 12
Jean-Paul Sartre

Steve
    $500 17
Douglas Fairbanks, Jr.

Steve
    $500 23
Bactrian (2-Humped)

Triple Stumper
    $500 30
(L: What is Saskatoon?)

Regina

Lisa
Triple Stumper
    $500 5
"Six Characters in Search of an Author"

Michael
    $500 26
MGM

Lisa

Scores at the first commercial break (after clue 12):

Lisa Steve Michael
$800 $1,600 $300

Scores at the end of the Jeopardy! Round:

Lisa Steve Michael
$1,900 $2,500 $1,000

Double Jeopardy! Round responses

IN THE NEWS
ART
NEW YORK CITY
AUTHORS
JAZZ
AMERICAN HISTORY
    $200 10
Russia/Soviet Union

Lisa
    $200 24
Grandma Moses

Steve
    $200 1
Theodore Roosevelt

Steve
    $200 7
Thomas Hardy

Lisa
    $200 6
"Dizzy"

Steve
    $200 21
(S: What is the Constitution?)

Declaration of Independence

LisaSteve
    $400 13
Molasses

Michael
    $400 25
Michelangelo

Lisa
    $400 2
Subways

Steve
    $400 8
Bruce Catton

Steve
    $400 17
Pearl Bailey

Steve
    $400 22
Alaska

Lisa
    $600 14
(Michael: Who was Carl Lewis?)

Florence Griffith Joyner

Michael
Triple Stumper
    $600 28
Winslow Homer

Lisa
    $600 3
(Michael: What is The New York Times?)
(Lisa: What is USA Today?)
(Steve: What is the Daily News?)

The Wall Street Journal

LisaSteveMichael
Triple Stumper
    $600 9
(S: Who was Holmes?)

Louis Brandeis

Steve
Triple Stumper
    $600 18
George Benson

Steve
    $600 23
Madison, Hamilton, & Jay

Steve
    $800 15
Fleet Street

Michael
    $2,000 29
(Lisa: Who was Rembrandt?)
[The end-of-round signal sounds.]

Paul Gauguin

Lisa
    $800 4
Brooklyn

Michael
    $800 11
Bill Moyers

Steve
    $800 19
Woody Herman

Steve
    $800 26
George VI

Steve
    $1000 16
Dead Sea

Michael
    $1,200 5
Flat Iron Building

Michael
    $1000 12
Karl Menninger

Triple Stumper
    $1000 20
(S: Who is Lionel Wilson?)

Lionel Hampton

LisaSteve
    $1000 27
(Less than a minute to go...)

Little Rock, AR

Triple Stumper

Scores at the end of the Double Jeopardy! Round:

Lisa Steve Michael
$2,300 $5,500 $4,000

[wagering suggestions for these scores]

Final Jeopardy! Round responses

STATE CAPITALS
[Lisa leaves as a 5-time champion with $42,600.]
(Alex: Genoa being Columbus' birthplace.)
LisaWhat is Columbus, OH?
$2,300
MichaelWhat is Albany?
$4,000
SteveWhat is Albany?
$2,600
Columbus, Ohio

Final scores:

Lisa Steve Michael
$4,600 $2,900 $0
5-day champion: $42,600 2nd place: Trip to New York City 3rd place: Magnavox "Movie Maker" VHS Camcorder

Game dynamics:

Coryat scores:

Lisa Steve Michael
$4,300 $5,500 $3,800
15 R,
3 W
(including 1 DD)
22 R
(including 1 DD),
5 W
12 R
(including 1 DD),
5 W

Combined Coryat: $13,600

[game clues] [game scores] [suggest correction]

Game tape date: 1989-08-23
The J! Archive is created by fans, for fans. Scraping, republication, monetization, and malicious use prohibited; this site may use cookies and collect identifying information. See terms. The Jeopardy! game show and all elements thereof, including but not limited to copyright and trademark thereto, are the property of Jeopardy Productions, Inc. and are protected under law. This website is not affiliated with, sponsored by, or operated by Jeopardy Productions, Inc. Join the discussion at JBoard.tv.